| 000 | 01386naa a22003497a 4500 | ||
|---|---|---|---|
| 001 | BR8302439 | ||
| 003 | BR-BrBNA | ||
| 005 | 20240918175238.0 | ||
| 007 | ta | ||
| 008 | 230509b bl.||||| |||| 00| 0 por d | ||
| 040 |
_aBR-BrBNA _bpor _cBiblioteca Nacional de Agricultura |
||
| 041 | _a(Pt) | ||
| 072 |
_aL36 _b6100 _b3740 _b8954 |
||
| 090 | _aL36 BR8302439 | ||
| 100 | 1 | _aLuchesi, J.B. | |
| 100 | 1 | _aButolo, J.E. | |
| 100 | 1 | _aSoave, C.A. | |
| 100 | 1 | _aDelnery, H. | |
| 100 | 1 | _aSakomura, N.K. | |
| 100 | 1 | _aTirado, F.J. | |
| 100 | 1 | _aLozano, H. | |
| 111 | 1 |
_a8. Congresso Latino Americano de Avicultura; 8. Congresso Brasileiro de Avicultura _cCamboriu, SC (Brazil) _d12-15 Oct 1983 |
|
| 245 | 1 | _aEfeitos da adicao de diferentes niveis de xantofilas saponificadas em racoes para frangos de corte, durante a fase de engorda (29 a 49 dias)[pigmento] | |
| 260 | 3 |
_aCamboriu, SC (Brasil): _c1983. |
|
| 500 | _aAnais do 8. Congresso Latino Americano de Avicultura e 8. Congresso Brasileiro de Avicultura Camboriu, SC (Brasil): 1983. p. 249-258 (BR8302439-AM)L36 | ||
| 650 | _aFRANGO DE CORTE | ||
| 650 | _aPIGMENTO | ||
| 650 | _aRACAO | ||
| 773 | 0 |
_tAnais do 8. Congresso Latino Americano de Avicultura e 8. Congresso Brasileiro de Avicultura _wL36 BR8302439 _gCamboriu, SC (Brasil), 1983. p. 249-258 |
|
| 909 |
_a202404 _bLucia _c55 _dLucia Elande |
||
| 942 |
_cAM _2AGRIS |
||
| 999 |
_c315842 _d315842 |
||